[Event "Santo Antonio 4th"]
[Site "Santo Antonio"]
[Date "2001.05.21"]
[Round "3"]
[White "Spraggett, Kevin"]
[Black "Campora, Daniel Hugo"]
[Result "1-0"]
[WhiteElo "2526"]
[BlackElo "2503"]
[Annotator "Hecht,H"]
[PlyCount "95"]
[EventDate "2001.05.19"]
[EventType "tourn"]
[EventRounds "9"]
[EventCountry "POR"]
[EventCategory "9"]
[SourceTitle "CBM 084"]
[Source "ChessBase"]
[SourceDate "2001.09.13"]
[SourceVersion "1"]
[SourceVersionDate "2001.09.13"]
[SourceQuality "1"]

1. d4 Nf6 2. c4 e6 3. Nf3 c5 4. d5 exd5 5. cxd5 d6 6. Nc3 g6 7. Nd2 a6 8. a4
Nbd7 9. e4 Bg7 10. Be2 O-O 11. O-O Re8 12. Qc2 Nh5 13. Bxh5 gxh5 14. Nd1 Ne5
15. Ne3 Ng4 16. Ndc4 Nxe3 17. Bxe3 f5 18. f3 fxe4 19. fxe4 a5 20. Bf4 Ra6 21.
Rae1 h4 22. h3 Qe7 23. e5 dxe5 24. Bxe5 Bxe5 25. Rxe5 Qd8 26. Qf2 Rf8 27. Rg5+
Rg6 28. Rxg6+ hxg6 29. Qxc5 Rxf1+ 30. Kxf1 Bf5 31. d6 Qe8 32. Ne5 Qxa4 33. Qd5+
Kh8 34. Kg1 Qf4 35. d7 Qc1+ 36. Kf2 Qxb2+ {[#] Zusammenspiel aller weißen
Figuren ab Zug 41} 37. Kf3 Bxd7 (37... Qc3+ 38. Nd3 Bxd7 39. Qxd7 Qf6+ (39...
Qc6+ 40. Qxc6 bxc6 41. Nc5 Kg7 42. Kg4 Kf6 43. Kxh4 Ke5 44. Kg5 Kd5 45. Na4 $18
) 40. Ke4 b6 41. Nf4 Kg8 42. Nd5 Qg5 43. Kd4 Qd2+ 44. Ke5 Qg5+ 45. Kd6 Qg3+ 46.
Kc6 Qxg2 47. Kxb6 Qf2+ 48. Kxa5 Qf7 49. Qd6 $18 {bei sofortiger Rückführung
des weißen Königs}) 38. Nxd7 a4 39. Qd6 {[%cal Rd6f8,Rd7f6]} Qg7 (39... Qc3+
40. Kg4 Qg3+ 41. Qxg3 hxg3 42. Nc5 a3 43. Kxg3 a2 44. Nb3 Kg7 45. Kf4 $18 {
wenn Weiß einen g-Freibauern etabliert, was machbar ist.}) 40. Qb8+ Qg8 (40...
Kh7 $142 41. Qxb7 (41. Nf8+ Kh6 42. Qf4+ g5 43. Qd6+ Kh5 44. Ne6 Qf6+ 45. Ke4
a3 $11) 41... Qf7+ 42. Nf6+ Kg7 43. Qxf7+ Kxf7 44. Nd5 a3 45. Nb4 g5 46. Ke4
Ke6 {sieht nach Remis aus.}) 41. Qe5+ Qg7 42. Nf6 Qf7 43. Kg4 a3 44. Kxh4 Kg7
45. Kg5 a2 46. g4 $18 b6 47. h4 Qa7 48. Nd7+ 1-0

[Event "Gibraltar Masters 10th"]
[Site "Caleta"]
[Date "2012.02.01"]
[Round "9"]
[White "Alvarez Marquez, Johan"]
[Black "Lupulescu, Constantin"]
[Result "1/2-1/2"]
[WhiteElo "2398"]
[BlackElo "2648"]
[Annotator "Let's Check"]
[PlyCount "65"]
[EventDate "2012.01.24"]
[EventType "swiss"]
[EventRounds "10"]
[EventCountry "GGB"]
[SourceTitle "CBM 147"]
[Source "ChessBase"]
[SourceDate "2012.03.16"]
[SourceVersion "1"]
[SourceVersionDate "2012.03.16"]
[SourceQuality "1"]

1. d4 Nf6 2. c4 e6 3. Nc3 c5 4. d5 exd5 5. cxd5 d6 6. Nf3 a6 7. a4 g6 8. Nd2
Nbd7 9. e4 Bg7 10. Be2 O-O 11. O-O Re8 12. Re1 h6 13. Qc2 Ne5 14. f4 Neg4 15.
h3 Nh5 16. Nf3 f5 $2 (16... Qh4 17. Rf1 Bd4+ $11) 17. hxg4 $2 (17. e5 dxe5 18.
hxg4 $18) 17... fxg4 $11 18. Be3 gxf3 19. Bxf3 Ng3 20. Rad1 Bd7 21. a5 Rb8 22.
e5 Bf5 23. Ne4 dxe5 24. Qc4 Bxe4 25. Bxe4 Qh4 26. d6+ Kh8 27. d7 Rf8 $1 28. Bf3
Rbd8 29. Qe6 $1 (29. Bxb7 $2) 29... Qh1+ $1 30. Kf2 Qh4 31. Kg1 Qh1+ $1 32. Kf2
Qh4 33. Kg1 1/2-1/2

[Event "Corus-B"]
[Site "Wijk aan Zee"]
[Date "2006.01.28"]
[Round "12"]
[White "Beliavsky, Alexander G"]
[Black "Jobava, Baadur"]
[Result "1-0"]
[WhiteElo "2626"]
[BlackElo "2614"]
[Annotator "Marin,M"]
[PlyCount "75"]
[EventDate "2006.01.14"]
[EventType "tourn"]
[EventRounds "13"]
[EventCountry "NED"]
[EventCategory "15"]
[SourceTitle "CBM 111"]
[Source "ChessBase"]
[SourceDate "2006.04.04"]
[SourceVersion "1"]
[SourceVersionDate "2006.04.04"]
[SourceQuality "1"]

1. d4 Nf6 2. c4 e6 3. Nf3 c5 4. d5 exd5 5. cxd5 d6 6. Nc3 g6 7. e4 Bg7 8. Be2
O-O 9. O-O Re8 10. Nd2 {Having failed to obtain an advantage in the
fashionable h3, Bd3 and Nf3-system against the same opponent at the FIDE WC,
Beliavsky returns to one of his specialties, the classic variation.} Nbd7 11.
a4 Ne5 12. Ra3 a6 ({By playing this move, Black usually aims to obtain an
unclear position, without forced variations, where the outcome of the battle
is decided by the players' phantasy and acuracy. In the times when the
classical variation was popular still, the main line was considered to be} 
12... g5 {, ensuring the knight's stability on e5. The obvious drawback of
this plan is that it weakens the f5-square.}) 13. Qc2 Qe7 {By putting pressure
against the e4-pawn, Black tries to discourage f4 by indirect means.} 14. a5 {
White does not pay attention to the king side yet and starts the typical queen
side play against the weakness of the d6-pawn and of the b6-square.} ({A more
straightforard approach would consists of} 14. h3 {, taking the g4-square
under control and threatening f4 followed by Bf3. This would practically force}
g5 15. Nf3 g4 $5 ({Against the similar plan from the 12...g5 systen, Black
usually reacts with} 15... Nxf3+ 16. Bxf3 Nd7 17. Bg4 Ne5 18. Bxc8 Raxc8 {
. However, here that Black has spent a tempo on the relatively useless move ...
a6, White manages to obtain a an optimal king side regroupment with} 19. Nd1 c4
20. Rg3 h6 21. Ne3 Nd3 22. Rg4 $14) 16. hxg4 Bxg4 17. Nh2 Bd7 18. Re1 Rac8 19.
Rb3 b5 $1 $132 {1-0 Donner,J (2475)-Velimirovic,D (2525)/Amsterdam 1976/MCL 
(32)}) 14... Bg4 $5 $146 ({One of Black's main problems in the Benoni is to
find adequate squares for his minor pieces (with the exception of the
g7-bishop, of course. Exchanging any of the other minor pieces generally leads
to a relief of his position. When preparing his novelty, Jobava might have
been inspired by the following game:} 14... Bd7 15. Rb3 Rab8 16. Rb6 (16. h3 g5
$13) 16... Bg4 17. f3 (17. Bxg4 Nfxg4 18. h3 Nf6 (18... Nh6 {was given by
Velimirovic as ~~, but it looks a bit suspicious.}) 19. f4 Ned7 20. Rb3 Nh5
$132 {[%csl Ge4,Rg3][%cal Yg7d4,Rf7f5]}) 17... Bc8 18. Kh1 (18. Bxa6 Ned7 19.
Bb5 Nxb6 20. Bxe8 Nbxd5 $13 21. Bxf7+ $6 Qxf7 $15 {Velimirovic}) 18... Qc7 (
18... Nh5 $5 {Velimirovic}) 19. f4 Ned7 20. e5 (20. Nc4 $1 Nxb6 21. axb6 $44 {
Velimirovic}) 20... dxe5 21. fxe5 Qxe5 22. Nc4 Qd4 $13 {0-1 Portisch,L (2635)
-Velimirovic,D (2525)/Ljubljana 1975/MCD (40)}) 15. Bxg4 ({White could have
prevented the exchange of bishops with} 15. f3 {but after} Bc8 16. Rb3 {
the knight would have disposed over the h5-square already, when after} Nh5 {
Black would be two whole tempi ahead compared with Velimirovic' recommendation
18...Nh5.}) 15... Nfxg4 16. Na4 Nd7 17. Qd1 {White tries to drive the knight
away from g4 without weakening his position.} (17. Rb3 Rab8 18. h3 {[%csl Yg3]}
Ngf6 19. f3 Nh5 $132) 17... f5 {This is the simplest answer. Once the e4-pawn
will be exchanged, Black will have a normal position.} (17... Ngf6 18. f3 Nh5 {
was also possible, of course.}) 18. exf5 gxf5 19. h3 Nge5 20. f4 Nf7 {A good
square for the knight, where from it covers the d6-pawn and the g5-square.} 21.
Nf3 {[%csl Yd4]} Qf6 22. Rb3 Rab8 {Black has a comfortable position. White has
made certain progress on the queen side, but his bishop is passive and the
e4-square chronically weak.} 23. Nb6 Nf8 $6 (23... Nxb6 24. Rxb6 Re7 25. Re1
Re4 (25... Rbe8 26. Rxb7 $1 $16) 26. Bd2 Qg6 $132) 24. Re1 Re4 25. Rbe3 Rxf4 (
25... Rbe8 26. Qc2 $14) 26. Re6 (26. Nd7 $1 Nxd7 27. Re8+ Rxe8 28. Rxe8+ Nf8
29. Bxf4 $16) 26... Rd4 27. Qc2 Nxe6 28. dxe6 Ne5 29. Nxd4 cxd4 30. Nd7 Qh4 (
30... Nxd7 $2 31. exd7 {[%cal Yc2c8]} Qf8 32. Bg5 $18) 31. Rf1 d3 $6 (31... Re8
$1 {[%csl Ye6]} 32. Qxf5 Qe7 33. Nf6+ Bxf6 34. Qxf6 Qxe6 $13) 32. Qc7 $16 Nxd7
33. Qxd7 Qe4 34. Bg5 Kh8 35. Bd8 Bd4+ 36. Kh1 Qe2 37. Qe8+ Kg7 38. Qe7+ 1-0

[Event "EU-ch 12th"]
[Site "Aix les Bains"]
[Date "2011.04.01"]
[Round "10"]
[White "Tregubov, Pavel V"]
[Black "Akopian, Vladimir Eduardovic"]
[Result "0-1"]
[WhiteElo "2598"]
[BlackElo "2675"]
[Annotator "Marin,M"]
[PlyCount "54"]
[EventDate "2011.03.22"]
[EventType "swiss"]
[EventRounds "11"]
[EventCountry "FRA"]
[SourceTitle "CBM 142 Extra"]
[Source "ChessBase"]
[SourceDate "2011.06.27"]
[SourceVersion "1"]
[SourceVersionDate "2011.06.27"]
[SourceQuality "1"]

1. d4 Nf6 2. c4 e6 3. Nf3 c5 4. d5 d6 5. Nc3 exd5 6. cxd5 g6 7. Nd2 Nbd7 8. e4
Bg7 9. Be2 O-O 10. O-O Re8 11. f4 Nb6 $5 {Usually, Black plays this only when
a white knight arrives on c4.} ({In my article for CBM 123 I examined the
position arising after} 11... a6 12. a4 Rb8) ({Decades ago, another popular
move used to be} 11... c4) 12. a4 {The normal reaction. White questions the
merits of the previous move at once.} (12. Re1 {is a bit too slow.} Bh6 13. g3
Bh3 14. b3 $6 ({It was not too late for harassing the knight:} 14. a4 a5 15.
Bb5 Rf8 16. Nf3 $13) 14... Bg7 15. Rb1 Qc8 (15... Ng4 $5 16. Bxg4 Bxg4 17. Qxg4
Bxc3 {[%cal Gb6d5]} 18. Re2 Qf6 $17) 16. Nc4 $2 {A surprising mistake for a
corespondence game.} (16. Qc2 Ng4 $15) 16... Nxc4 17. bxc4 (17. Bxc4 Ng4 18.
Nb5 Qd7 19. Bb2 a6 $17 20. Bxg7 $2 axb5 $19) 17... Nxe4 $19 {Miettinen,
R-Kaasalainen,A/FIN-ch fin corr 1966/Corr Nr. 1 (1/2, 34)}) 12... a5 $5 $146 {
At first sight, an ugly move, chronically weakening the b5-square. Black's
idea is consolidating the b6-knight, which ensures him not only a free
development for the bishop, but also some control over the critical c4-square.
The present game shows that for White it is not easy keeping his centre well
defended and controlling the weak squares at the same time.} ({The standard
answer would be} 12... Bd7 {, preparing a retreat for the knight.} 13. Bf3 a6 {
Preparing the standard manoeuvre ...Nc8-a7-b5.} (13... h5 14. h3 Rb8 {This is
less useful than ...a6.} 15. a5 Nc8 16. Nc4 b5 17. axb6 axb6 18. e5 Nh7 19. Ne4
dxe5 20. Nxe5 $16 {0-1 (35) Poulton,J (2375)-Taylor,P (2249)/West Bromwich
2003/EXT 2004 (35)}) 14. Qb3 $6 ({The critical continuation is} 14. a5 {
, but Black is well prepared against it:} Nc8 15. Nc4 Bb5 16. Qb3 Bxc4 17. Qxc4
b5 18. axb6 Nxb6 19. Qd3 a5 {with reasonable play.}) 14... h5 $6 (14... Ng4 $1
$36) 15. a5 Nc8 16. e5 (16. Nc4 $5) 16... dxe5 17. fxe5 Rxe5 18. Nc4 $44 {
Popovics,A (2320)-Schneider,A (2337)/Budapest 2002/CBM 091 ext (1-0, 30)}) (
12... Qe7 {is not too useful at this stage of the game.} 13. Bf3 ({Both
players may have thought that} 13. a5 $1 {can be met with} Nfxd5 {, but
Black's compensation looks doubtful:} 14. exd5 Bxc3 15. bxc3 Nxd5 16. Qb3 $5)
13... Rb8 14. Kh1 (14. a5 Na8 15. Nc4 b5 16. axb6 $16 axb6 $2 17. e5 $18) 14...
Na8 15. Nc4 Nb6 16. Na3 Nbd7 17. Bd2 b6 18. Re1 Bb7 19. Nc4 $16 {Kelecevic,N 
(2425)-Caldelari,A (2129)/Mendrisio 1999/EXT 2000 (1-0, 40)}) 13. h3 {White
takes the g4-square under control in order to free the queen from this task.} (
13. Bb5 {would not have offered anything special:} Bd7 14. Bxd7 Qxd7 15. Qb3
Ra6 {The bishop exchange not only speeded up Black's development, but also
made this square available for the rook, increasing Black's queenside
stability.} 16. h3 c4 $132) 13... h5 {This standard move somewhat weakens the
kingside. With the knights relatively far from e5, Black should permanently
count with f4-f5.} (13... c4 $5 {may have been a less commital move.}) 14. Qe1
{The start of an unfortunate maneouvre.} (14. Bb5 {would be as ineffective as
on the previous move.} Bd7 15. Bxd7 Nfxd7 {Since ...Ng4 is not available
anymore, this is the logical capture now.} 16. Nb5 Nf6 {The knight has been
forced to return, but in exchange the b5-knight is not too stable.} 17. Qf3 Qd7
{[%cal Gb6a4]} 18. Nc3 h4 19. f5 Nh5 $132) ({A possibly more flexible plan
than in the game would have been} 14. Re1 h4 15. Qc2 Bd7 16. Ra3 {with complex
play. Black has to be careful, as pseudo-active play may hand in the
initiative to White:} Bh6 17. Nf3 Nh5 18. f5 Bxc1 19. Qxc1 $36 {with some
kingside threats.}) 14... Bd7 15. Qg3 $2 {Losing a pawn for almost nothing.} (
15. Ra3 $5 {would have been an alternative, although it would not be easy to
indicate White's next move.}) 15... Nfxd5 $1 16. exd5 Bxc3 17. bxc3 Rxe2 {
White not only has lost a pawn, but his structure has been seriously damaged.
His bishop will not be in time to create threats along the long diagonal.} 18.
f5 h4 19. Qd3 Qe8 20. fxg6 fxg6 21. Nc4 (21. Rb1 Re3 $1 22. Qc2 (22. Ne4 {
is safer, but Black has several ways of simplifying to a better ending with
material advantage.} Rxd3 23. Nf6+ Kh8 24. Nxe8 Bxe8 25. Rxb6 Rxd5 $15) 22...
Bxh3 $1 23. Rxb6 (23. gxh3 Rg3+ $19 {[%cal Ge8e2]}) 23... Bxg2 $1 $19) 21...
Nxc4 22. Qxc4 Re4 {Black has a material advantage and the more active piece
placement.} 23. Qb3 Bxa4 24. Qb2 Bb5 25. c4 Bxc4 26. Bh6 Qe5 27. Qxb7 Bxd5 (
27... Bxd5 28. Qb1 Kh7 29. Bd2 Re2 $19) 0-1

[Event "POR-chT 49th"]
[Site "Evora"]
[Date "2007.07.29"]
[Round "2"]
[White "Postny, Evgeny"]
[Black "Hoffman, Alejandro"]
[Result "1-0"]
[WhiteElo "2598"]
[BlackElo "2466"]
[Annotator "Postny,E"]
[PlyCount "89"]
[EventDate "2007.07.28"]
[EventType "team"]
[EventRounds "9"]
[EventCountry "POR"]
[SourceTitle "CBM 119 Extra"]
[Source "ChessBase"]
[SourceDate "2007.09.04"]
[SourceVersion "1"]
[SourceVersionDate "2007.09.04"]
[SourceQuality "1"]

1. d4 Nf6 2. c4 c5 3. d5 e6 {The opening choice of my opponent was a surprise
for me.} 4. Nc3 exd5 5. cxd5 d6 6. Nf3 g6 7. Nd2 {One of the most solid lines
to meet the Benoni. The knight is going to the excellent blockading c4 square.}
Bg7 8. e4 O-O 9. Be2 Re8 ({Another playable option for Black is} 9... Na6 10.
O-O Ne8 11. Nc4 Nac7 12. a4 f5 {which was adopted by Kramnik in one of the
decisive games in his Wch match against Leko in 2004.}) 10. O-O Nbd7 11. a4 {
Even if Black didn't play a7-a6 yet, this move is useful. In some cases the
idea Ra1-a3 transfering the rook to the kingside might work.} (11. Qc2 Ne5 12.
a4 Nh5 $5 13. Bxh5 gxh5 14. Nd1 b6 15. Ra3 Ba6 16. Rh3 h4 17. Ne3 Bd3 18. Qd1
Bxf1 19. Ndxf1 Ng6 20. Qg4 $44 {1/2-1/2 Korotylev,A (2615)-Novikov,S (2535)/
Moscow RUS 2007/The Week in Chess 639 (47)}) 11... Ne5 12. Re1 g5 $6 {In my
opinion, this plan is too optimistic. Black is trying to establish control
over the dark squares on the kingside. However, the weakening of the f5 square
is a serious drawback. The old move 12...Nfg4 is less committing and playable.}
(12... Nfg4 13. Nf1 f5 14. h3 Nh6 15. Ng3 a6 16. Be3 Qh4 17. Qd2 {[%cal Ge3g5]}
Nef7 18. Bf1 (18. Bd3 Be5 19. exf5 Nxf5 20. Nxf5 Bxf5 21. Bxf5 gxf5 $132 {
[%cal Gf5f4]}) 18... Bd7 19. exf5 Nxf5 20. Nxf5 gxf5 21. Bf4 Qf6 $11 {1/2-1/2
Seirawan,Y (2605)-Ljubojevic,L (2645)/Indonesia 1983/MCD (24)}) 13. Nf1 h6 14.
Qc2 $1 {Protecting the Pe4 and vacating the d1 square for the queenside knight
which soon will be transferred towards the "juicy" f5 square.} (14. Ng3 Ng6 15.
a5 (15. Qc2 $1 {[%cal Gc3d1,Gd1e3,Ge3f5]}) 15... a6 16. Bd2 Rb8 17. Qc2 Nf4 18.
Bc4 Ng4 19. Nce2 Qf6 20. f3 Nxe2+ 21. Nxe2 Ne5 22. Rab1 Qg6 23. Ng3 Nxc4 {
1/2-1/2 Gyimesi,Z (2531)-Pigusov,E (2609)/Koszalin 1999/CBM 073}) 14... Ng6 (
14... g4 15. Ng3 Bd7 16. Nd1 $16 {[%cal Gd1e3,Ge3f5]}) 15. Ng3 a6 16. Nd1 $1 {
[%csl Gf5][%cal Gd1e3,Ge3f5]} Rb8 (16... Nf4 17. Ne3 Nxe2+ 18. Rxe2 $16) 17.
Ne3 {Black has no compensation for the glaring hole on f5.} b5 {Actually, this
makes the matters even worse for Black, because the "a" file will be opened in
white's favour. On the other hand, it's very hard to suggest any clear plan
for Black.} 18. axb5 axb5 19. Bd2 Bd7 20. Ra6 {[%csl Rd6]} Bf8 21. Rea1 {
White's position is strategically won.} Nf4 22. Bf1 N4h5 23. Nxh5 Nxh5 24. b4 {
A typical thrust in Benoni against Black's queenside pawns majority.} Rc8 (
24... c4 25. Bc3 {does not make black's task easier.}) 25. bxc5 Rxc5 (25...
dxc5 26. Bc3 b4 27. Bb2 $18 {Black's pawns are going nowhere. Meanwhile,
white's control over the center in addition to many other pluses is decisive.})
26. Qb1 Nf6 27. f3 $6 {This move weakens the dark squares and gives Black
unnecessary practical chances.} (27. Bd3 {would have been far more convincing.}
) 27... g4 28. Bb4 gxf3 29. gxf3 Nh5 $1 {This exchange sacrifice is the best
practical chance for Black.} 30. Bxc5 dxc5 31. Kh1 (31. Bxb5 Qg5+ 32. Kh1 Rb8 (
32... Qxe3 $2 33. Qg1+ $18) {[%tqu "En","How should White continue?","","",
"b1a2","This move was difficult to foresee in time-trouble.",10]} 33. Qa2 $3 {
[%cal Ga1g1] This move was difficult to foresee in time-trouble.} Qxe3 (33...
Bxb5 34. Rg1 $18 {The point of 33.Qa2 is that Ra6 is protected.}) 34. Qg2+ Kh8
35. Bxd7 $18) 31... Qh4 (31... c4 32. Ra8 Qf6 33. Rxe8 Bxe8 34. Nf5 Bd7 35. Ra8
Bxf5 36. exf5 Qc3 37. d6 $18) 32. Qe1 (32. Bxb5 $1 Ng3+ 33. Kg1 Rb8 34. Qe1 $18
{In my calculations I missed this simple move.}) 32... Qf4 33. Ng2 Qe5 (33...
Qxf3 34. Be2 Qxe4 (34... Qh3 35. R6a3 {[%csl Rh3] trapping the queen.}) 35.
Bxh5 Qxd5 36. Qg3+ Kh8 37. Bf3 $18) 34. Ra8 Bd6 35. Qh4 Kh7 36. R8a7 ({In
time-trouble I didn't see that I could win one of black's bishops by force:} 
36. f4 $1 Nxf4 37. Qxf4 Qxf4 (37... Qxa1 38. Rxa1 Bxf4 39. Nxf4 $18) 38. Nxf4
Bxf4 39. Rxe8 Bxe8 40. Ra8 Bd7 41. Ra7 Be8 (41... Bg4 42. Rxf7+ $18 {[%csl Rf4]
}) 42. Re7 $18) 36... Nf6 (36... Be7 {would have been more stubborn.}) 37. f4
$1 {The second time I didn't miss it!} Qd4 38. e5 Ne4 (38... Ng4 39. R1a2 $1 {
wins more material.}) 39. R7a2 ({With the other rook would have been more
precise:} 39. R1a2) 39... Be7 40. Qe1 Qxd5 (40... Ra8 $1 {was worth trying,
but after} 41. Bd3 Qxd3 42. Rxa8 Qxd5 43. R8a7 Bh3 44. Rxe7 Bxg2+ 45. Kxg2 Ng5+
46. Kf1 Qh1+ 47. Ke2 Qf3+ 48. Kd2 $18 {white's king escapes safely.}) 41. Rd1 {
In the end White wins a full piece.} Qxa2 42. Qxe4+ Kg8 43. Rxd7 c4 44. Ne3 Bc5
45. Ng4 {Black resigned.This win was important, as it was the only decisive
game of the match.} 1-0